000 01023nam0a22002411 4500
001 rc\1095414
005 20260407101311.0
035 _a(NLR Aleph) 006341628
090 _a4706724
_c4706724
100 _a20041126d1983 |||y0rusy50 ca
101 0 _arus
102 _aRU
105 _ay |||||||||
200 1 _aСанитарно-просветительная работа по профилактике венерических болезней
_eМетод. рекомендации для студентов и врачей
_fМ-во здравоохранения РСФСР, Яросл. гос. мед. ин-т
_g[Подгот. к. м. н. М.П. Введенской]
210 _aЯрославль
_cЯГМИ
_d1983
215 _a13 с.
_d20
702 1 _aВведенская
_bМ.П.
_4570
712 0 2 _aЯрославский медицинский институт
_3RU\NLR\AUTH\889928676
_9352927
801 0 _aRU
_bNLR
_gpsbo
801 1 _aRU
_bELAR
_2rusmarc
852 _aNLR
_j85-4/5451
942 _cBOOK
980 _aNB